[Event "Unterfranken-ch HA 51th"]
[Site "Sailauf"]
[Date "2000.04.27"]
[Round "5"]
[White "Suess, Mirco"]
[Black "Horscht, Manfred"]
[Result "1-0"]
[WhiteElo "1669"]
[BlackElo "1673"]
[PlyCount "33"]
[EventDate "2000.04.24"]
[EventType "swiss"]
[EventRounds "9"]
[EventCountry "GER"]
[SourceTitle "EXT 2015"]
[Source "ChessBase"]
[SourceDate "2014.11.20"]
[SourceVersion "1"]
[SourceVersionDate "2014.11.20"]
[SourceQuality "1"]

1. e4 c5 2. Nf3 d6 3. d4 cxd4 4. c3 e6 5. cxd4 Nf6 6. Nc3 a6 7. Be2 Be7 8. 0-0 0-0 9. a3 Nbd7 10. e5 dxe5 11. dxe5 Ne8 12. Bf4 b5 13. Nd4 Bb7 14. Bf3 Qc7 15. Rc1 Rc8 16. Ncxb5 Qxc1 17. Bxc1 1-0